Music Quiz

Random Music or Lyrics Quiz
Score 0/176 Timer 10:00
1 Play Today
Lyrics % Correct
am,
99.4%
said,'
99.4%
am!'
99.4%
am,'
99.4%
said
99.4%
am
99.4%
a
99.4%
a
99.4%
a
99.4%
I've
98.6%
I
98.3%
'I
98.3%
I
98.3%
'I
98.3%
I
98.3%
'I
98.3%
I.
98.3%
I
98.3%
I
98.3%
I
98.3%
the
97.9%
the
97.9%
the
97.9%
no
97.9%
no
97.9%
no
97.9%
the
97.9%
the
97.9%
the
97.9%
the
97.9%
the
97.9%
the
97.9%
CHORUS:
97.9%
and
97.1%
and
97.1%
and
97.1%
And
97.1%
And
97.1%
and
97.1%
and
97.1%
and
97.1%
and
97.1%
And
97.1%
one
96.5%
one
96.5%
one?
96.5%
one.
96.5%
to
96.1%
to
96.1%
an
95%
even
94%
even
94%
cried.
91.7%
there.
91.3%
it
91.1%
it
91.1%
it
91.1%
but
90.9%
but
90.9%
Lyrics % Correct
but
90.9%
but
90.9%
not
90.9%
but
90.9%
not
90.9%
but
90.9%
you
88.8%
I'm
88.8%
I'm
88.8%
you
88.8%
you
88.8%
I'm
88.8%
why...
88%
hear
87.6%
say
87.4%
of
87.2%
of
87.2%
can't
87%
me
85.7%
me,
85.7%
me
85.7%
is
85.3%
chair.
85.3%
time,
83.5%
who
83.3%
who
83.3%
New
83.1%
New
83.1%
York
81.8%
my
81.6%
more.
80.8%
all,
80.6%
ever
80.6%
fine,
80.4%
fine
80.4%
fine
80.4%
then
80.4%
man
80.4%
heard
80.2%
lost
80%
lost
80%
ain't
79.7%
ain't
79.7%
L.A.'s
79.5%
L.A.'s
79.5%
home.
79.5%
at
79.3%
for
79.3%
for
79.3%
sun
79.1%
mine
79.1%
shines
78.5%
most
78.5%
born
78.5%
go.
78.5%
know,
78.3%
now
78.3%
'bout
77.5%
York's
77.3%
Lyrics % Correct
raised,
77.1%
about
77.1%
being
77.1%
about
77.1%
being
77.1%
City
76.9%
Well,
75.4%
Well,
75.4%
Well,
75.4%
alone.
75.4%
Did
75%
feeling
74.4%
back.
74.2%
back.
74.2%
became
74%
two
73.3%
lonely
72.7%
king,
72.7%
likes
72.5%
between
72.1%
never
71.5%
are
71.3%
way
71.3%
dreamed
71.1%
laid
70.7%
shores.
70.5%
same
69.8%
frog
69.6%
got
69.4%
sound
69.2%
still.
68.6%
won't
68.4%
let
67.4%
Palm
67.1%
thinking
67.1%
trees
66.9%
cared
66.5%
making
66.3%
name
66.3%
except
65.1%
few
65.1%
low
64.7%
story's
64.7%
grow,
64.3%
other
63.8%
swear
63.8%
rents
63.6%
I've
63.2%
leaving
62.2%
changes,
62%
inside,
61.2%
deep
60.9%
emptiness
57.8%
keep
57.2%
if
56.6%
talk
55%
tried
54.8%
*CHORUS*
13%
Remove Ads.
Support Sporcle.
Get the best of Sporcle when you Go Orange. This ad-free experience offers more features, more stats, and more fun while also helping to support Sporcle. Thank you for becoming a member.

You're not logged in!

Compare scores with friends on all Sporcle quizzes.
OR
Log In

Show Comments

Extras

Created Oct 30, 2013ReportNominate
Tags:Lyrics Quiz

Top Quizzes Today


Score Distribution

Your Account Isn't Verified!

In order to create a playlist on Sporcle, you need to verify the email address you used during registration. Go to your Sporcle Settings to finish the process.

Report this User

Report this user for behavior that violates our Community Guidelines.

Details: